Statistics for "Too Good" - Drake, Rihanna Lyrics

Click here to take the quiz!

General Stats

  • This quiz has been taken 256 times
  • The average score is 27 of 39

Answer Stats

Lyrics Answer % Correct
Oh yeah, yeah look, I don't know how to ….. to youtalk
99%
And I hope you can ….. ittake
92%
I don't know how to ask you if you're …..okay
92%
My …….. always feel the need to tell me thingsfriends
91%
Is when you turn your ….. to the sidehead
90%
I'm …. …. to you, I'm way …. …. to youtoo good
90%
Seems like they're just …..… than us these dayshappier
89%
Yeah, and last night I think I lost my ………..patience
89%
I just don't ………… itunderstand
88%
and look at me …………...differently
88%
You take my love … …….for granted
87%
Last night, I came to a ………….realization
87%
I don't know how to be …… when you need methere
87%
Last night I got high as your …………...expectations
85%
It feels like the ….. ….. you see meonly time
82%
I just know I find myself …….. …. with yougetting lost
79%
We gotta take ….. with thistime
74%
How long did we last? I feel bad for ……..asking
70%
You got somebody ….. than meother
66%
Don't play the ……. when you're with mevictim
63%
I can't keep ……track
61%
and I still can't get ...…… to youacross
60%
Got me on ……... overseas,flights
60%
It can't …. like thisend
59%
Let me see if this is something I can ….fix
56%
……… you just make me work too hard for youLately
54%
…. …. is costing me more than it seemsFree time
49%
I put my ….. around youhands
45%
I wanna do the things that I ……..mention
44%
Gotta get a ……. on youhandle
44%
…… go by too fastYears
43%
I wanna …….. from the friendshipbenefit
43%
…………. thingsSacrificing
40%
And I wanna tell you my ………….intentions
38%
I wanna get the …. ….. ……. from you, from youlate night message
38%
Cock up yuh …….., sit down 'pon itbumper
36%

Score Distribution

Percentile by Number Answered

Percent of People with Each Score

Your Score History

You have not taken this quiz